| 000 | 01469nam0a2200385 4500 | ||
|---|---|---|---|
| 001 | RU\NLR\BIBL_A\022640923 | ||
| 005 | 20251212155727.0 | ||
| 010 |
_a978-5-17-175011-4 _92000 |
||
| 021 |
_aRU _bКН-П-25-050783 _9КН-П-25-4914 |
||
| 035 | _a(NLR Aleph) 022640923 | ||
| 090 |
_a13497727 _c13497727 |
||
| 100 | _a20251009d2025 k y0rusy50 ca | ||
| 101 | 1 |
_arus _ceng |
|
| 102 | _aRU | ||
| 105 | _ac z 000yy | ||
| 181 | 0 |
_ai _baxxe |
|
| 182 | 0 | _an | |
| 200 | 1 |
_aОбними внутреннего ребенка _eкак исцелить детские душевные раны _fРоберт Джекман _g[пер. с англ. Н. Камакиной] |
|
| 203 |
_aТекст _bвизуальный _cнепосредственный |
||
| 210 |
_aМосква _cАСТ, Кладезь _d2025 |
||
| 215 |
_a318, [1] с. _cпортр. _d17 |
||
| 225 | 1 | _aПсихология. Всегда с тобой | |
| 300 | _aНа 316-й с. авт.: Джекман Р. – психотерапевт | ||
| 333 | _a16+ | ||
| 606 | 1 |
_aТравмы детские (психол.) _92531094 _3RU\NLR\AUTH\6601713063 |
|
| 606 | 1 |
_aПсихогигиена _9929392 _3RU\NLR\AUTH\6623393 |
|
| 686 | 1 | _aЮ983-69 | |
| 686 | 1 | _aЮ937-953.6 | |
| 686 | 1 | _aЮ948.1-8 | |
| 686 | 1 | _aЮ949.2 | |
| 700 | 1 |
_aДжекман _bР. _gРоберт |
|
| 942 | _cBOOK | ||
| 980 | _aNB | ||